Využitie bórom dopovaných diamantových elektród pre konštrukciu biosenzora

Uložené v:
Podrobná bibliografia
Hlavný autor: Sjekelová, Barbora (Autor)
Ďalší autori: Gál, Miroslav (Vedúci práce)
Médium: Rukopis Kniha
Jazyk:Slovak
Vydavateľské údaje: 2018
Predmet:
On-line prístup:http://is.stuba.sk/zp/portal_zp.pl?podrobnosti=129336
Tagy: Pridať tag
Žiadne tagy, Buďte prvý, kto otaguje tento záznam!

MARC

LEADER 00000ntm a22000003a 4500
001 stuzp69452
003 SK-STU
005 20180623210743.3
007 ta
008 150427s2015----xo-----f-mn---000-0-slo-d
040 |a STU  |b slo 
041 0 |a slo 
100 1 |a Sjekelová, Barbora  |u 042120  |4 aut  |U FCHPT Ústav anorganickej chémie, technológie a materiálov  |T FCHPT Oddelenie anorganickej technológie  |X 65101  |U C2120  |Y 111  |7 65101 
242 0 1 |a Use of boron-doped diamond electrodes for biosensor fabrication  |y eng 
245 1 0 |a Využitie bórom dopovaných diamantových elektród pre konštrukciu biosenzora 
260 |c 2018 
650 4 |a BDD elektródy  |2 slo 
650 4 |a biosenzor  |2 slo 
650 4 |a vírus chrípky  |2 slo 
650 4 |a BDD electrodes  |2 eng 
650 4 |a influenza virus  |2 eng 
650 4 |a biosensor  |2 eng 
700 1 |a Gál, Miroslav  |u 042120  |k Z1  |4 ths  |U FCHPT Ústav anorganickej chémie, technológie a materiálov  |T FCHPT Oddelenie anorganickej technológie  |X 70968  |U C2120  |Y 111  |7 A0000070968 
856 4 |u http://is.stuba.sk/zp/portal_zp.pl?podrobnosti=129336